000 00766nam a2200241 i 4500
001 61796
003 ES-MaACL
005 20230906164538.0
007 t|
008 031113s1972 sp ||||1| spa d
100 1 _aFarrington, Benjamín.
_948903
245 1 0 _aCiencia y Filosofía en la Antigüedad /
_cBenjamín Farrington ; traducción de P. Marset y E. Ramos ; Revisión de J.M. López Piñero.
250 _a[2ª ed.].
260 _aBarcelona :
_bAriel,
_c[1972]
300 _a225 p. ;
_c18 cm.
490 1 _aAriel quincenal
700 1 _aMarset, P.
_977121
700 1 _aRamos, Emérita.
_995250
700 1 _aLópez Piñero, José María.
_973895
830 0 _aAriel quincenal
_9180806
852 _aES-MaACL
_jA-8971
_bR.98277
999 _c61796
_d61796